| 000 | 00602nam a2200193Ia 4500 | ||
|---|---|---|---|
| 008 | 140529s9999 xx 000 0 und d | ||
| 020 | _a9814057339 | ||
| 050 |
_aHD 30.55 _b.C73 1998 |
||
| 100 | _aCray, David. | ||
| 245 |
_aMaking sense of managing culture / _cDavid Cray, Geoffrey R. Mallory |
||
| 260 |
_aLondon : _bInternational Thomson Business Press, _cc1998. |
||
| 300 |
_a187 p. ; _c22 cm. |
||
| 500 | _aIncludes bibliographical references and index. | ||
| 521 | _aGE | ||
| 650 | _aIndustrial sociology. | ||
| 650 | _aIntercultural communication. | ||
| 942 |
_kFOR _cBK |
||
| 999 |
_c117828 _d117828 |
||